000 00785 a2200289 4500
260 _aMontreuil
100 _aMESPLEDE, J.
700 _aQUEYREL, J. L.
440 _n11
260 _bBréal
245 _aPrécis de chimie : chimie organique : cours et exercices résolus ; chimie organique
300 _a240 p.
650 _aChimie organique-Guides, manuels, résumés, etc.
260 _c1988
300 _bill., fig. ; 25 cm
130 _lFr.
440 _a(Précis)
035 _a10897
250 _a2e éd.
500 _aClasses préparatoires, 1er cycle universitaire
999 _c12663
_d12663